00453nam a2200157 a 4500008004100000020001500041050001400056100002000070245007000090260004600160300002300206350000900229650001500238700002000253700002200273100322s2005 ||||||||||||||||| || u a0131248510 aHD 31 Hit aHitt, Michael A10aManagementcMichael A. Hitt, J. Stewart Black and Lyman W. Porter aUpper Saddle River, N. J.:bPearsonc2005 axxxvi, 694p.: ill. a0.00 0aMANAGEMENT aPorter, Lyman W aBlack, J. Stewart